Statystyki dla Kraje z największym procentem zarażonych

Kliknij tutaj aby rozwiązać quiz!

Ogólne statystyki

  • Ten quiz został rozwiązany 63 razy
  • Średni wynik to 8 z 15

Statystyki odpowiedzi

RankingKraj% Poprawnych
10Stany Zjednoczone
98%
11Włochy
90%
6Hiszpania
84%
15Francja
71%
14Wielka Brytania
66%
9Belgia
57%
2Watykan
47%
1San Marino
45%
3Andora
43%
8Irlandia
40%
4Luksemburg
40%
12Szwajcaria
40%
7Islandia
34%
13Singapur
26%
5Katar
10%

Rozkład punktacji

Percentyl według liczby udzielonych odpowiedzi

Procent ludzi z każdym wynikiem

Twoja historia wyników

Nie rozwiązałeś tego quizu